00805nam a2200217Ia 4500008004100000040001800041041000800059100003100067245015500098260004900253300003300302500005900335504004700394650002000441650001700461650002100478700002100499700002300520700002300543700002100566130821s1962 xxua gr eng  aCo-BoUCMbspa00aeng1 aCrosby, Elizabeth Caroline10aCorrelative anatomy of the nervous systemcElizabeth Caroline Crosby, Tryphena Humphrey y Edward W. Lauer ; colaborador J. Ariens Kappers ... [et al.] aNueva York (Estados Unidos)bMacmillanc1962 a731 páginasbilustraciones aLibro disponible en 48 horas a partir de la solicitud. aIncluye bibliografía e índice general.04aNeuroanatomía04aNeurología04aSistema nervioso1 aBaker, Burton L.1 aHumphrey, Tryphena1 aKappers, J. Ariens1 aLauer, Edward W.